000 00266nam a2200097Ia 4500
001 769181
005 20250826165432.0
008 250824s9999 xx 000 0 und d
245 0 _aSABIR VE ŞÜKÜR ÖYKÜLERİ
_cSAİDE NUR DİKMEN
260 _bUĞUR BÖCEĞİ YAYINLARI
999 _c769181
_d769181